LEADER 01613nam 2200397 450 001 000007447 005 20050718115300.0 100 $a20010214h1971----km-y0itay0103----ba 101 0 $aita 102 $aIT 200 1 $aCriteri per l'investimento pubblico$eanalisi dei costi e benefici per la pianificazione dello sviluppo economico$fStephen A. Marglin$gTraduzione di Giuliana de Angelis Barchiesi 210 $aMilano$cFranco Angeli$dc1971 215 $a116 p.$cill.$d23 cm. 304 $aTit. orig.: Public Investment Criteria 606 $aInvestimenti pubblici$xBenefici e costi 676 $a332.67252$v(21. ed.)$9Economia finanziaria. Investimento dul mercato interno da parte dell'amministrazione pubblica e delle sue agenzie 700 1$aMarglin,$bStephen A.$0148068 702 $ade Angelis Barchiesi,$bGiuliana 801 0$aIT$bUniversità della Basilicata - B.I.A.$gRICA$2unimarc 912 $a000007447 996 $aCriteri per l'investimento pubblico$974705 997 $aUNIBAS BAS $aMONAGR BAS $aMONOGR BAS $aAGRARIA CAT $aTORRE$b20$c20010214$lBAS01$h1150 CAT $aTORRE$b20$c20010220$lBAS01$h1338 CAT $aTORRE$b20$c20010220$lBAS01$h1819 CAT $aTORRE$b20$c20020903$lBAS01$h1218 CAT $c20050601$lBAS01$h1754 CAT $abatch$b01$c20050718$lBAS01$h1049 CAT $c20050718$lBAS01$h1108 CAT $c20050718$lBAS01$h1138 CAT $c20050718$lBAS01$h1153 FMT Z30 -1$lBAS01$LBAS01$mBOOK$1BASA2$APolo Tecnico-Scientifico$2DID$BDidattica$3PTS.s2.p29.6$635820$5I35820$820010221$f04$FPrestabile Didattica